| 000 | 00892pam a2200241 a 4500 | ||
|---|---|---|---|
| 003 | OSt | ||
| 005 | 20260205142033.0 | ||
| 008 | 910904s1991 cou b 001 0 eng | ||
| 020 | _a1555872948 (pbk.) : | ||
| 040 |
_aKABLIB _cKABLIB _beng _erda |
||
| 082 | 0 | 0 |
_a983.06 _223 _bDIC |
| 245 | 0 | 0 |
_aFrom dictatorship to democracy : _brebuilding political consensus in Chile / _cedited by Joseph S. Tulchin, Augusto Varas. |
| 260 |
_aBoulder : _bLynne Rienner Publishers, _cc1991. |
||
| 300 |
_aviii, 90 p. ; _c23 cm. |
||
| 504 | _aIncludes bibliographical references and index. | ||
| 650 | 0 |
_aRepresentative government and representation _zChile _915367 |
|
| 651 | 0 |
_aChile _xPolitics and government _915368 |
|
| 651 | 0 |
_aChile _xRelations _915369 |
|
| 651 | 0 |
_aUnited States _xRelations _zChile. _915370 |
|
| 700 | 1 |
_aTulchin, Joseph S., _915371 |
|
| 700 | 1 |
_aVaras, Augusto. _915372 |
|
| 942 |
_2ddc _cBOOK |
||
| 999 |
_c6064 _d6064 |
||